La sociedad carcelaria: aspectos penológicos y sociológicos

Guardat en:
Dades bibliogràfiques
Autors principals: Neuman, Elías (autor), Irurzun, Victor J (Autor)
Format: Llibre
Idioma:espanyol
Publicat: Buenos Aires Depalma 1984
Edició:2a. ed
Matèries:
Etiquetes: Afegir etiqueta
Sense etiquetes, Sigues el primer a etiquetar aquest registre!

MARC

LEADER 00000nam a2200000 a 4500
001 UCV1354
003 CL-VaPUC
008 900424e19840000AG |||||||||||||||||spa|d
082 0 4 |a 365  |b NEU  |2 21 
100 |a Neuman, Elías  |e autor  |9 294785 
700 |a Irurzun, Victor J  |e author  |9 295822 
245 1 3 |a La sociedad carcelaria: aspectos penológicos y sociológicos 
250 |a 2a. ed 
300 |a 136 p 
942 |c BK 
945 |d 19900424 00:00:00 
260 |a Buenos Aires  |b Depalma  |c 1984 
650 0 |a Prisiones  |9 255309 
651 0 |a Argentina  |9 254888 
583 |a last modification  |c 19900424 00:00:00  |k Rodrigo Vera 
999 |c 209332  |d 209330 
952 |0 0  |1 0  |4 0  |6 365_000000000000000_NEU_1984  |7 0  |8 A  |9 184673  |a BIBDER  |b BIBDER  |d 2019-11-14  |i 2519828  |o 365 NEU 1984  |p 2519828  |r 2023-01-25  |w 2019-11-14  |y BK  |k DER